| 000 | 01105nam a22002777a 4500 | ||
|---|---|---|---|
| 003 | AR-RoUNA | ||
| 005 | 20250818154817.0 | ||
| 008 | 250818b |||||||| |||| 00| 0 spa d | ||
| 020 | _a9788496936133 | ||
| 040 |
_aAR-RoUNA _bspa _dAR-RoUNA |
||
| 041 |
_aspa _hpor |
||
| 044 | _aag | ||
| 245 | 1 | 0 |
_aCasas junto al mar : _b beach houses = case sulla spiaggia = casas de praia / _ceditado por Macarena San Martin |
| 250 | _a1a. ed. | ||
| 260 |
_aBarcelona : _bLoft Publications, _c2008 |
||
| 300 |
_a255 p.: _bfot. col. _c19x13 cm |
||
| 520 | 3 | _aEste documento, contiene proyectos seleccionados de los mejores arquitectos y diseñadores de todo el mundo, presentados con fotografías a doble página a todo color, detalles y planos. Un breve texto introduce cada ejemplo con explicaciones sobre materiales, colores y otros detalles. | |
| 650 | 4 | _aArquitectura | |
| 650 | 4 | _aArquitectura contemporanea | |
| 700 | 1 |
_aSan Martin, Macarena _eedt _922821 |
|
| 908 | _aImp | ||
| 930 | _e12217 | ||
| 942 |
_2ddc _cLIB |
||
| 945 |
_aMIA _d2025-08-18 |
||
| 980 |
_61 _aMaricel Allasia _81 _gMaricel Allasia |
||
| 999 |
_c12074 _d12074 |
||